000 00534nam a22001937a 4500
003 KOHA_MİRAKIL
005 20251127083316.0
008 251127b tu ||||| |||| 00| 0 tur d
020 _a9786053321040
040 _aTR-AnABB
_btur
_cTR-AnABB
041 _atur
082 _a883.01
_bHOM 2020
100 1 _aHomeros,
245 1 0 _aİlyada /
_cHomeros
260 _aİstanbul :
_bTürkiye İş Bankası Kültür Yayınları,
_c2020
300 _a616 sayfa ;
_c20 cm
650 0 4 _aYunan edebiyatı, roman
942 _2ddc
_cBK
999 _c9652
_d9652
900 _bGizem YORULMAZ